A first course in mathematical analysis

Intended to serve as a textbook in Real Analysis at the Advanced Calculus level. Some of the welcome features of the book are motivation for the theory and abstraction through examples.

Saved in:
Bibliographic Details
Main Author: Somasundaram, D.
Other Authors: Choudhary, B.
Format: Book
Published: New Delhi : Narosa, c1996.
Subjects:
Tags: Add Tag
No Tags, Be the first to tag this record!

MARC

LEADER 00000nam a22000007a 4500
020 |a 817319064X  |c TZS 10,910.744 
040 |a MUL  |b eng  |e AACR 
082 |a 510 SOM 
100 |a Somasundaram, D.  
245 |a A first course in mathematical analysis  |c / D. Somasundaram and B. Choudhary 
260 |a New Delhi :  |b Narosa,   |c c1996. 
300 |a  x, 606 p. :   |b ill. ;   |c 23 cm. 
505 |a PrefaceSets and FunctionsSequences of Real NumbersSeries of Real NumbersReal Valued FunctionsMetric SpacesCompleteness, Compactness and CorrectednessDifferentiable FunctionsThe Riemann IntegralElementary Functions and Taylor SeriesFourier SeriesFunctions of Several VariableMultiple IntegralsBibliographyIndex 
520 |a Intended to serve as a textbook in Real Analysis at the Advanced Calculus level. Some of the welcome features of the book are motivation for the theory and abstraction through examples. 
546 |a eng 
650 |a Mathematical analysis 
700 |a Choudhary, B.  
942 |c BK 
999 |c 10022  |d 10022